000 01116cam a2200253 a 4500
999 _c233644
_d233644
001 430569
003 Nust
005 20170309141902.0
008 810804s1980 enk 000 0 eng
010 _a 81127068
015 _aGB81-00404
020 _a9781844080717
_c£5.95
040 _aDLC
_cDLC
_dDLC
050 0 0 _aPR6007.U47
_bR6
082 0 0 _a823.912
_bMAU
100 1 _aDu Maurier, Daphne,
_d1907-1989.
245 1 4 _aThe rendezvous and other stories /
_cDaphne du Maurier.
260 _aLondon :
_bGollancz,
_c1980.
300 _a273 p. ;
_c23 cm.
505 0 _aNo motive -- Panic -- The supreme artist -- Adieu sagesse -- Fairy tale -- The rendezvous -- La Sainte-Vierge -- Leading lady -- Escort -- The lover -- The closing door -- Indiscretion -- Angels and archangels -- Split second.
856 4 2 _3Publisher description
_uhttp://www.loc.gov/catdir/description/orion051/81127068.html
856 4 2 _3Contributor biographical information
_uhttp://www.loc.gov/catdir/bios/orion051/81127068.html
906 _a7
_bcbc
_corignew
_d4
_encip
_f19
_gy-gencatlg
942 _2ddc
_cBK